000 00699nam a22002297a 4500
003 UA-OsUOA
001 77262
007 ta
008 20110906b un ||||| |||| 00| 0 ukr d
100 _aЧистякова О.В.
700 _aЛисеев И.К.
090 _a32
_bЧ-68
942 _cSA
040 _aUA-OsUOA
_brus
_cUA-OsUOA
_dUA-OsUOA
245 _aГеополитические и этнокультурные проблемы в сфере туризма
300 _aС.30-36
955 _a0
041 _arus
080 _a32
773 0 _w77260
_tВестник Российского философского общества
_dМ.
_d2011
_g2
650 7 _a32 Політика
_2UDC
999 _c363569
_d363569